000 00541nam a2200193Ia 4500
005 20250923144905.0
008 008 250917s9999 xx 000 0 eng d
037 _aTextual
040 _aDSWL
_beng
_cDSWL
041 _aeng
_2eng
084 _aYX,ZI.1(Y:434), N63;3
_qDSWL
245 4 _aThe needs of children
_cEd. by Georges Sicault
260 _aNew York
_bThe Free Press
_c1963
300 _a175p.
365 _aUSD
_b1.95
925 _g1.95
942 _cTEXL
_hYX,ZI.1(Y:434), N63;3
999 _c1444628
_d1444628